Disclosure of financial information about the general government sector by IPSAS

Saved in:
Bibliographic Details
Main Author: Kršeková, Marianna
Format: Book Chapter
Language:English
Tags: Add Tag
No Tags, Be the first to tag this record!

MARC

LEADER 00000nla a2200000 4500
001 0227552
005 20240502083612.2
041 0 |a eng 
044 |a CH 
245 1 0 |a Disclosure of financial information about the general government sector by IPSAS  |c Marianna Kršeková 
100 1 |a Kršeková, Marianna